000 00452nam a2200181Ia 4500
005 20240823041434.0
008 240823s9999||||xx |||||||||||||| ||und||
041 _aENGLISH
082 _A821 Q1
100 _aNalli Kupusami Settiyar
245 0 _aBharathi Tirunal Sutesamithiran Ninaivu Anjaligal
250 _a1st
260 _c2011
_bSri Puvaneswari Pathi
500 _aYES
650 _aTamil Books
_bGeneral
942 _cBK
999 _c205505
_d205505